[Event "DLM 2013"]
[Site "?"]
[Date "2013.10.03"]
[Round "2.1"]
[White "Graf, Felix"]
[Black "Noe, Christopher"]
[Result "1/2-1/2"]
[WhiteElo "2465"]
[BlackElo "2268"]
[PlyCount "145"]
[EventDate "2013.??.??"]
[WhiteTeam "Bayern"]
[BlackTeam "Baden"]

1. d4 Nf6 2. c4 c5 3. d5 e6 4. Nc3 exd5 5. cxd5 d6 6. Nf3 g6 7. Nd2 Nbd7 8. e4
Bg7 9. Be2 O-O 10. O-O Re8 11. Re1 a6 12. a4 b6 13. Bf1 Nh5 14. g4 Ne5 15. gxh5
Qg5+ 16. Kh1 Ng4 17. Qf3 Bd4 18. Nd1 Nxh2 19. Qg3 Ng4 20. Kg2 Qxh5 21. Be2 f5
22. Bxg4 fxg4 23. Qh2 Bf5 24. Qxh5 gxh5 25. Rh1 Bg6 26. Ra3 Ra7 27. Rb3 Rb7 28.
Ne3 Rf8 29. Rf1 Rbf7 30. Nf5 Bxf5 31. exf5 Rxf5 32. Ne4 h4 33. Be3 Bxe3 34.
Rxe3 Rxd5 35. f3 gxf3+ 36. Rfxf3 Rxf3 37. Kxf3 Rd4 38. Rb3 h3 39. Nf2 b5 40.
axb5 axb5 41. Nxh3 b4 42. Ng5 h6 43. Ne6 Rd2 44. Ke3 Rd5 45. Nf4 Re5+ 46. Kf3
d5 47. Re3 Rf5 48. Re6 c4 49. Rxh6 d4 50. Ke4 Rg5 51. Kxd4 Rg4 52. Kxc4 Rxf4+
53. Kc5 Kf7 54. Rb6 Ke7 55. Rxb4 Rf2 56. Kc6 Rc2+ 57. Kb6 Kd7 58. b3 Rc6+ 59.
Kb7 Rc7+ 60. Kb8 Rc8+ 61. Ka7 Rc1 62. Kb6 Rc6+ 63. Kb5 Kc7 64. Ka5 Rc1 65. Rb5
Ra1+ 66. Kb4 Rh1 67. Rg5 Kb6 68. Rg6+ Kb7 69. Ka5 Rh5+ 70. Ka4 Rf5 71. b4 Rh5
72. Rg7+ Kb6 73. Rg6+ 1/2-1/2

[Event "DLM 2013"]
[Site "?"]
[Date "2013.10.03"]
[Round "2.2"]
[White "Becker, Matthias"]
[Black "Mons, Leon"]
[Result "0-1"]
[WhiteElo "2141"]
[BlackElo "2402"]
[PlyCount "72"]
[EventDate "2013.??.??"]
[WhiteTeam "Baden"]
[BlackTeam "Bayern"]

1. e4 e5 2. Nf3 Nc6 3. Bc4 Bc5 4. c3 Nf6 5. d4 exd4 6. cxd4 Bb4+ 7. Bd2 Nxe4 8.
Bxb4 Nxb4 9. Bxf7+ Kxf7 10. Qb3+ d5 11. Qxb4 Re8 12. O-O Kg8 13. Nc3 b6 14. Qb3
Be6 15. Rfe1 c5 16. Qc2 Rc8 17. Nxe4 Bf5 18. Nf6+ Qxf6 19. Rxe8+ Rxe8 20. Qa4
Rf8 21. Re1 Be4 22. Re3 g5 23. h3 h5 24. Qd7 cxd4 25. Rxe4 dxe4 26. Qd5+ Kg7
27. Nxd4 Qxf2+ 28. Kh1 Qf1+ 29. Kh2 Qf4+ 30. Kh1 Kh6 31. Ne6 Qf1+ 32. Kh2 Qf5
33. Qd7 Rf7 34. Qe8 Qf6 35. Nd4 Qd6+ 36. g3 Rf2+ 0-1

[Event "DLM 2013"]
[Site "?"]
[Date "2013.10.03"]
[Round "2.3"]
[White "Ott, Florian"]
[Black "Ruff, Maximilian"]
[Result "1/2-1/2"]
[WhiteElo "2119"]
[BlackElo "2053"]
[PlyCount "143"]
[EventDate "2013.??.??"]
[WhiteTeam "Bayern"]
[BlackTeam "Baden"]

1. Nf3 Nf6 2. c4 c5 3. Nc3 b6 4. g3 Bb7 5. Bg2 e6 6. O-O Be7 7. Re1 O-O 8. e4
d6 9. d4 cxd4 10. Nxd4 Qc8 11. Be3 a6 12. Rc1 Nbd7 13. f4 Rd8 14. g4 Bf8 15. g5
Ne8 16. b3 g6 17. h4 Ng7 18. Qc2 Nc5 19. b4 Nd7 20. Qb3 Qc7 21. Nd1 Nh5 22. Nf2
e5 23. Ne2 exf4 24. Nxf4 Nxf4 25. Bxf4 Ne5 26. Red1 a5 27. a3 axb4 28. axb4 Ba6
29. Bf1 Bc8 30. c5 Be6 31. Qg3 bxc5 32. bxc5 Qa7 33. cxd6 Ng4 34. Be2 Nxf2 35.
Qxf2 Qa3 36. Rd3 Qb2 37. Bf1 Qb4 38. Qd4 Qa5 39. Bd2 Bg7 40. Bxa5 Bxd4+ 41.
Rxd4 Rxa5 42. Kf2 h6 43. gxh6 Kh7 44. Rc7 Kxh6 45. Ke3 Rh5 46. d7 Rxh4 47. Bc4
Rh3+ 48. Kf4 Rc3 49. Rc8 Rxd7 50. Bxe6 Rxd4 51. Rxc3 fxe6 52. Ke5 Ra4 53. Rc6
Kg7 54. Rxe6 Kf7 55. Rf6+ Ke7 56. Rxg6 Ra5+ 57. Kf4 Rb5 58. Ke3 Ra5 59. Rh6 Rb5
60. Kf4 Ra5 61. Rc6 Rb5 62. Ra6 Rc5 63. Ke3 Rb5 64. Kd3 Rh5 65. Kc4 Rg5 66.
Ra7+ Ke6 67. Ra8 Ke7 68. Rc8 Kd7 69. Rf8 Ke7 70. Rc8 Kd7 71. Rf8 Ke7 72. Rc8
1/2-1/2

[Event "DLM 2013"]
[Site "?"]
[Date "2013.10.03"]
[Round "2.4"]
[White "Riehle, Marco"]
[Black "Gretz, Denis"]
[Result "0-1"]
[WhiteElo "1890"]
[BlackElo "1997"]
[PlyCount "46"]
[EventDate "2013.??.??"]
[WhiteTeam "Baden"]
[BlackTeam "Bayern"]

1. e4 c5 2. Nf3 d6 3. d4 cxd4 4. Nxd4 Nf6 5. f3 e5 6. Ne2 Be6 7. Ng3 d5 8. exd5
Nxd5 9. a3 Nc6 10. Bd3 Qb6 11. Ne4 Be7 12. c4 Nf4 13. Bxf4 exf4 14. b4 Qd4 15.
Nbc3 f5 16. Ne2 Qe3 17. Nf2 Bh4 18. O-O Bxf2+ 19. Rxf2 O-O-O 20. Nc1 Ne5 21.
Kf1 Nxd3 22. Re2 Nb2 23. Qb3 Bxc4 0-1

[Event "DLM 2013"]
[Site "?"]
[Date "2013.10.03"]
[Round "2.5"]
[White "Berger, Nadja"]
[Black "Wiesner, Paula"]
[Result "1/2-1/2"]
[WhiteElo "1847"]
[BlackElo "1813"]
[PlyCount "49"]
[EventDate "2013.??.??"]
[WhiteTeam "Bayern"]
[BlackTeam "Baden"]

1. c4 c5 2. Nc3 Nf6 3. g3 d5 4. cxd5 Nxd5 5. Bg2 Nc7 6. Nf3 Nc6 7. O-O e5 8. d3
Be7 9. a3 Be6 10. Qc2 Qd7 11. Ne4 b6 12. Neg5 Rc8 13. Bd2 f6 14. Nxe6 Nxe6 15.
Bc3 O-O 16. Qb3 Kh8 17. Rfd1 Ned4 18. Bxd4 Nxd4 19. Nxd4 cxd4 20. Rac1 Rc5 21.
Rc2 Rfc8 22. Rdc1 Bd6 23. Rxc5 Rxc5 24. Rxc5 Bxc5 25. Qc4 1/2-1/2

[Event "DLM 2013"]
[Site "?"]
[Date "2013.10.03"]
[Round "2.6"]
[White "Weis, Olga"]
[Black "Siegl, Melina"]
[Result "1-0"]
[WhiteElo "1757"]
[BlackElo "1832"]
[PlyCount "71"]
[EventDate "2013.??.??"]
[WhiteTeam "Baden"]
[BlackTeam "Bayern"]

1. e4 c5 2. Nf3 Nc6 3. d4 cxd4 4. Nxd4 Nf6 5. Nc3 e5 6. Ndb5 d6 7. Bg5 a6 8.
Na3 b5 9. Nd5 Be7 10. Bxf6 Bxf6 11. c3 Bg5 12. Be2 Be6 13. Nc2 O-O 14. O-O Ne7
15. Nxe7+ Qxe7 16. Nb4 Kh8 17. a4 bxa4 18. Rxa4 a5 19. Nd5 Qb7 20. b3 Bxd5 21.
exd5 Rfc8 22. Bc4 Qd7 23. Qd3 Rcb8 24. Rfa1 Qd8 25. Bb5 f5 26. Bc6 e4 27. Qd4
Bf6 28. Qe3 Ra6 29. b4 Rxc6 30. dxc6 axb4 31. Qa7 Rc8 32. Qb7 h6 33. Ra8 Rxa8
34. Rxa8 Kh7 35. Rxd8 bxc3 36. c7 1-0

[Event "DLM 2013"]
[Site "?"]
[Date "2013.10.03"]
[Round "2.7"]
[White "Reimann, Sebastian"]
[Black "Wiesner, Alexander"]
[Result "1/2-1/2"]
[WhiteElo "1792"]
[BlackElo "1751"]
[PlyCount "152"]
[EventDate "2013.??.??"]
[WhiteTeam "Bayern"]
[BlackTeam "Baden"]

1. e4 c5 2. Nf3 Nc6 3. d4 cxd4 4. Nxd4 Nf6 5. Nc3 e5 6. Ndb5 d6 7. Bg5 a6 8.
Na3 b5 9. Bxf6 gxf6 10. Nd5 f5 11. Bd3 Be6 12. c3 Bxd5 13. exd5 Ne7 14. O-O Bg7
15. Nc2 e4 16. Be2 O-O 17. Qd2 Ng6 18. f3 Be5 19. f4 Bg7 20. Ne3 Qd7 21. Kh1
Kh8 22. g4 fxg4 23. f5 Ne5 24. Nxg4 Nxg4 25. Bxg4 Qe7 26. Qf2 Bf6 27. Qe2 Qe5
28. Rad1 Rg8 29. h3 e3 30. Rf3 Bg5 31. Bh5 Rg7 32. f6 Bxf6 33. Rxe3 Qg5 34. Bg4
Be5 35. Rf3 Qh4 36. Rf5 Rag8 37. Rh5 Qe7 38. Rf1 Rg5 39. Rxg5 Rxg5 40. Qf3 f6
41. Qe3 h5 42. Be6 Qg7 43. Qf3 Qh6 44. Qe3 Qg7 45. Rf5 Rxf5 46. Bxf5 Qg5 47.
Qxg5 fxg5 48. Kg2 a5 49. Bg6 g4 50. Bxh5 gxh3+ 51. Kxh3 Kg7 52. Kg4 Kf6 53. Be8
b4 54. cxb4 axb4 55. b3 Bh2 56. Bc6 Ke5 57. Kf3 Bg1 58. Ke2 Kd4 59. Kd2 Bh2 60.
Kc2 Be5 61. Kb2 Kc5+ 62. Kb1 Kd4 63. a4 bxa3 64. Ka2 Kc5 65. Kxa3 Kb6 66. b4
Bh2 67. Kb3 Bg3 68. Kc4 Bh2 69. Kd4 Bg3 70. Ke4 Bh2 71. Kf5 Bg3 72. Ke6 Bh2 73.
b5 Bg3 74. Bd7 Bh2 75. Ke7 Bg3 76. Kd8 Bh2 1/2-1/2

[Event "DLM 2013"]
[Site "?"]
[Date "2013.10.03"]
[Round "2.1"]
[White "Kuckling, Hannah"]
[Black "Carow, Johannes"]
[Result "0-1"]
[WhiteElo "2114"]
[BlackElo "2401"]
[PlyCount "48"]
[EventDate "2013.??.??"]
[WhiteTeam "Nordrhein-Westfalen"]
[BlackTeam "Rheinland-Pfalz"]

1. e4 c5 2. Nc3 a6 3. g4 b5 4. Bg2 Bb7 5. d3 e6 6. Be3 d5 7. exd5 Nf6 8. Ne4
Bxd5 9. Bxc5 Bxc5 10. g5 Nxe4 11. dxe4 Bc6 12. Qxd8+ Kxd8 13. O-O-O+ Ke7 14.
Nh3 Nd7 15. f4 Rhd8 16. Rd3 b4 17. c3 Bb5 18. Rg3 bxc3 19. Rxc3 Bd4 20. Rc2 Bd3
21. Rc6 Be3+ 22. Kd1 Rac8 23. Rc3 Rxc3 24. bxc3 Rb8 0-1

[Event "DLM 2013"]
[Site "?"]
[Date "2013.10.03"]
[Round "2.2"]
[White "Yankelevich, Lev"]
[Black "Schröder, Kevin"]
[Result "1/2-1/2"]
[WhiteElo "2191"]
[BlackElo "2137"]
[PlyCount "67"]
[EventDate "2013.??.??"]
[WhiteTeam "Rheinland-Pfalz"]
[BlackTeam "Nordrhein-Westfalen"]

1. e4 e5 2. Nf3 Nf6 3. Nc3 Nc6 4. Bb5 d6 5. h3 g6 6. O-O Bg7 7. d4 exd4 8. Nxd4
Bd7 9. Nxc6 bxc6 10. Bd3 O-O 11. Bg5 h6 12. Be3 Qc8 13. f4 Rb8 14. Rb1 Nh5 15.
Qf3 f5 16. e5 dxe5 17. fxe5 Kh7 18. Bxa7 Rb4 19. Bc5 Rf4 20. Qe3 Rxf1+ 21. Rxf1
Re8 22. Bd4 c5 23. Bxc5 Bxe5 24. Qf3 c6 25. Rd1 Be6 26. g4 Nf4 27. gxf5 Bxf5
28. Bxf5 Qxf5 29. Kh1 Rb8 30. Bd6 Bxd6 31. Rxd6 Rxb2 32. Rxc6 h5 33. Rc4 Qxh3+
34. Qxh3 1/2-1/2

[Event "DLM 2013"]
[Site "?"]
[Date "2013.10.03"]
[Round "2.3"]
[White "Meyers, Mark"]
[Black "Stahnecker, Ludwig"]
[Result "1-0"]
[WhiteElo "2012"]
[BlackElo "2170"]
[PlyCount "61"]
[EventDate "2013.??.??"]
[WhiteTeam "Nordrhein-Westfalen"]
[BlackTeam "Rheinland-Pfalz"]

1. c4 Nf6 2. g3 e6 3. Bg2 d5 4. Nf3 Nbd7 5. O-O Bd6 6. b3 O-O 7. d4 c6 8. Bb2
Re8 9. Nc3 b6 10. Nd2 Bb7 11. e4 dxe4 12. Ndxe4 Bf8 13. Qc2 Qc7 14. Rfe1 Rad8
15. Rad1 h6 16. Bc1 Nxe4 17. Nxe4 e5 18. dxe5 Nxe5 19. Bf4 Bb4 20. Rxd8 Qxd8
21. Rd1 Qe7 22. Bd2 Ba3 23. Re1 Bc8 24. f4 Ng4 25. Nf6+ Qxf6 26. Rxe8+ Bf8 27.
Bc3 Qd6 28. Qd2 Qc7 29. Qd8 Qxd8 30. Rxd8 Bf5 31. Bxc6 1-0

[Event "DLM 2013"]
[Site "?"]
[Date "2013.10.03"]
[Round "2.4"]
[White "Perske, Thore"]
[Black "Sabirov, Ramil"]
[Result "1-0"]
[WhiteElo "2146"]
[BlackElo "2002"]
[PlyCount "69"]
[EventDate "2013.??.??"]
[WhiteTeam "Rheinland-Pfalz"]
[BlackTeam "Nordrhein-Westfalen"]

1. e4 c5 2. Nf3 Nc6 3. d4 cxd4 4. Nxd4 Nf6 5. Nc3 Qb6 6. Nb3 e6 7. Bd3 Be7 8.
O-O d6 9. a4 O-O 10. Be3 Qc7 11. f4 Nb4 12. Qf3 Nxd3 13. cxd3 b6 14. a5 Ba6 15.
Bf2 Nd7 16. axb6 axb6 17. Rfc1 Nc5 18. Nxc5 dxc5 19. b4 Rfd8 20. bxc5 Rxd3 21.
Qxd3 Bxd3 22. Rxa8+ Bf8 23. cxb6 Qc6 24. Rd8 Ba6 25. Ne2 Qxe4 26. Bc5 h5 27.
Rxf8+ Kh7 28. Rxf7 Qxe2 29. Bf2 Qe4 30. Re1 Qd5 31. h4 Bb5 32. Re5 Qd1+ 33. Kh2
Bc6 34. Rg5 Qd2 35. Rgxg7+ 1-0

[Event "DLM 2013"]
[Site "?"]
[Date "2013.10.03"]
[Round "2.5"]
[White "Flüchter, Gregor"]
[Black "Carow, Annelen"]
[Result "0-1"]
[WhiteElo "1996"]
[BlackElo "2037"]
[PlyCount "54"]
[EventDate "2013.??.??"]
[WhiteTeam "Nordrhein-Westfalen"]
[BlackTeam "Rheinland-Pfalz"]

1. e4 c5 2. Nf3 e6 3. d4 cxd4 4. Nxd4 a6 5. Nc3 Qc7 6. Bd3 Nf6 7. Qe2 Bd6 8.
Bd2 Nc6 9. Nxc6 dxc6 10. O-O-O b5 11. Rhe1 e5 12. h3 O-O 13. Kb1 Nd7 14. Qh5
Nc5 15. f4 g6 16. Qh6 exf4 17. Ne2 Ne6 18. Rf1 c5 19. Nxf4 Nxf4 20. Bxf4 Bxf4
21. Rxf4 c4 22. Be2 c3 23. h4 Be6 24. Bg4 Rad8 25. Rh1 Bxa2+ 26. Kc1 Qe5 27. b4
Qd4 0-1

[Event "DLM 2013"]
[Site "?"]
[Date "2013.10.03"]
[Round "2.6"]
[White "Schwarz, Larissa"]
[Black "Savchenko, Daniel"]
[Result "1-0"]
[WhiteElo "1923"]
[BlackElo "1808"]
[PlyCount "123"]
[EventDate "2013.??.??"]
[WhiteTeam "Rheinland-Pfalz"]
[BlackTeam "Nordrhein-Westfalen"]

1. e4 e5 2. Nf3 Nf6 3. Nxe5 d6 4. Nf3 Nxe4 5. Bd3 Nf6 6. O-O Be7 7. h3 O-O 8.
c3 Re8 9. Bc2 d5 10. d4 Ne4 11. Nbd2 f5 12. Ne5 Nd7 13. Ndf3 Bf6 14. Bf4 c6 15.
Re1 Bh4 16. Bxe4 fxe4 17. Nxh4 Qxh4 18. Bg3 Qg5 19. Rxe4 Nxe5 20. Rxe5 Rxe5 21.
dxe5 Be6 22. Qe2 b6 23. Rd1 Qg6 24. a4 Bf5 25. a5 Bc2 26. Ra1 b5 27. Qe3 Qf7
28. Qc5 Rc8 29. Re1 Bf5 30. e6 Bxe6 31. Qd6 Re8 32. Qxc6 Bd7 33. Rxe8+ Bxe8 34.
Qa8 h6 35. Bb8 Kh7 36. Qxa7 Qg6 37. Qb6 Bc6 38. Bg3 h5 39. h4 Qe8 40. a6 Ba8
41. a7 d4 42. Qxd4 Qe1+ 43. Kh2 Qf1 44. f3 Qe2 45. Qe5 Qxe5 46. Bxe5 Kg6 47.
Kg3 Kf7 48. Kf4 g6 49. Ke3 Ke6 50. Kd4 Bb7 51. Bh2 Kd7 52. Kc5 Bc6 53. Kb6 b4
54. cxb4 Ba8 55. Kc5 Kc8 56. b5 Kb7 57. b6 Ka6 58. Bg1 Kb7 59. Kd6 g5 60. hxg5
h4 61. g6 h3 62. gxh3 1-0

[Event "DLM 2013"]
[Site "?"]
[Date "2013.10.03"]
[Round "2.7"]
[White "Bork, Sophie"]
[Black "Muckle, Julius"]
[Result "0-1"]
[WhiteElo "1640"]
[BlackElo "1845"]
[PlyCount "82"]
[EventDate "2013.??.??"]
[WhiteTeam "Nordrhein-Westfalen"]
[BlackTeam "Rheinland-Pfalz"]

1. e4 e6 2. Nf3 d5 3. Nc3 Nf6 4. e5 Nfd7 5. d4 c5 6. Bg5 Qb6 7. dxc5 Bxc5 8.
Qd2 Nc6 9. Na4 Qb4 10. Nxc5 Qxd2+ 11. Bxd2 Nxc5 12. O-O-O Bd7 13. g3 Rc8 14.
Kb1 O-O 15. Bg2 Rc7 16. Be3 b6 17. Rhe1 Rfc8 18. c3 Na4 19. Rc1 Na5 20. Bf1 b5
21. Bd4 Nc4 22. b3 Na3+ 23. Ka1 Nxc3 24. Bxc3 Rxc3 25. Rxc3 Rxc3 26. Kb2 Rxf3
27. Kxa3 Rxf2 28. Rc1 g6 29. Bd3 a5 30. b4 Rf3 31. Rd1 a4 32. Rd2 f6 33. exf6
Kf7 34. Kb2 Kxf6 35. Kc2 e5 36. Kd1 d4 37. Be4 Re3 38. Bd5 Bg4+ 39. Kc2 Rc3+
40. Kb2 a3+ 41. Kb1 Bf5+ 0-1

[Event "DLM 2013"]
[Site "?"]
[Date "2013.10.03"]
[Round "2.8"]
[White "Sanati, Charlotte"]
[Black "Möller, Lisa-Marie"]
[Result "1-0"]
[WhiteElo "1737"]
[BlackElo "1488"]
[PlyCount "35"]
[EventDate "2013.??.??"]
[WhiteTeam "Rheinland-Pfalz"]
[BlackTeam "Nordrhein-Westfalen"]

1. e4 c5 2. Nf3 a6 3. c4 d6 4. Nc3 Nf6 5. Be2 e6 6. d4 cxd4 7. Nxd4 Be7 8. O-O
O-O 9. f4 Nbd7 10. Kh1 Qc7 11. g4 Nc5 12. Bf3 e5 13. Nf5 b6 14. g5 Ne8 15. Nd5
Qb7 16. Nfxe7+ Kh8 17. Nxc8 Rxc8 18. f5 1-0

[Event "DLM 2013"]
[Site "?"]
[Date "2013.10.03"]
[Round "2.1"]
[White "Neef, Maximilian"]
[Black "Kollars, Dmitrij"]
[Result "1-0"]
[WhiteElo "2321"]
[BlackElo "2120"]
[PlyCount "99"]
[EventDate "2013.??.??"]
[WhiteTeam "Sachsen"]
[BlackTeam "Bremen"]

1. Nf3 Nf6 2. c4 g6 3. Nc3 Bg7 4. e4 d6 5. d4 O-O 6. h3 e5 7. d5 Nh5 8. g3 a5
9. Be2 Na6 10. Bg5 Qe8 11. Nd2 Nf6 12. g4 Nc5 13. Qc2 h6 14. Be3 Nh7 15. O-O-O
Qe7 16. f3 b6 17. h4 Kh8 18. h5 g5 19. b3 Bd7 20. Nf1 Ra7 21. Ng3 Rfa8 22. Kd2
Nf6 23. Ke1 Ne8 24. Kf2 Qd8 25. Ra1 Bf8 26. Rhb1 f6 27. Qd2 Kh7 28. Bd1 Ra6 29.
Bc2 R6a7 30. Qd1 Qb8 31. a3 Nb7 32. Ra2 Nc5 33. Rba1 Nb7 34. Qb1 Kg7 35. b4 Ra6
36. Ba4 Bxa4 37. Nxa4 R6a7 38. Ne2 Kf7 39. Nec3 Ra6 40. Rb2 Qd8 41. Rba2 Qb8
42. Nb2 Be7 43. Nd3 Qd8 44. Qb3 Kg7 45. Qc2 Rb8 46. Na4 Qd7 47. c5 dxc5 48.
bxc5 Nxc5 49. Bxc5 bxc5 50. Naxc5 1-0

[Event "DLM 2013"]
[Site "?"]
[Date "2013.10.03"]
[Round "2.2"]
[White "Kardoeus, David"]
[Black "Möhn, Hans"]
[Result "1/2-1/2"]
[WhiteElo "1948"]
[BlackElo "2205"]
[PlyCount "133"]
[EventDate "2013.??.??"]
[WhiteTeam "Bremen"]
[BlackTeam "Sachsen"]

1. e4 c5 2. Nf3 e6 3. d4 cxd4 4. Nxd4 a6 5. Bd3 Bc5 6. Nb3 Ba7 7. Qe2 Nc6 8.
Be3 d6 9. Nc3 Nge7 10. O-O e5 11. Bxa7 Rxa7 12. Rad1 O-O 13. a4 Be6 14. Bc4 Qc7
15. Bxe6 fxe6 16. Qc4 Rf6 17. Rd2 Ra8 18. Rfd1 Rd8 19. a5 Nc8 20. f3 Rdf8 21.
Na4 Qb8 22. Kh1 Qa7 23. Qc3 g5 24. Nb6 Nxb6 25. axb6 Qxb6 26. Rxd6 g4 27. Qc4
gxf3 28. gxf3 Qe3 29. Nd2 Kh8 30. Qd3 Qf4 31. Rf1 Rg8 32. c3 Qg5 33. Qe2 Rfg6
34. Qf2 Qe7 35. Nc4 Qg7 36. Ne3 Nd8 37. Rdd1 Nf7 38. Rd7 b5 39. Ng4 Rg5 40. Qa7
Rf8 41. Qc5 Re8 42. Qa7 Rf8 43. Qxa6 h5 44. Ne3 Rg8 45. Qa1 Rg2 46. Qe1 Rxb2
47. Rd2 Rxd2 48. Qxd2 Qf6 49. Ng2 Ng5 50. Qe2 Qg6 51. Nh4 Qf6 52. f4 exf4 53.
Qxh5+ Nh7 54. e5 Qg7 55. Qe2 Qc7 56. Rf3 Qc6 57. Ng2 Rf8 58. Qf2 Qe4 59. Rh3
Rf7 60. Qe1 Qd5 61. Kg1 f3 62. Qf2 Qxe5 63. Nh4 Rg7+ 64. Rg3 Qxc3 65. Ng6+ Kg8
66. Ne7+ Kh8 67. Ng6+ 1/2-1/2

[Event "DLM 2013"]
[Site "?"]
[Date "2013.10.03"]
[Round "2.3"]
[White "Richter, Leonard"]
[Black "Kügel, Tobias"]
[Result "1/2-1/2"]
[WhiteElo "2118"]
[BlackElo "2066"]
[PlyCount "40"]
[EventDate "2013.??.??"]
[WhiteTeam "Sachsen"]
[BlackTeam "Bremen"]

1. e4 e5 2. Nf3 Nf6 3. Nxe5 d6 4. Nf3 Nxe4 5. Nc3 Nxc3 6. dxc3 Be7 7. Be3 Be6
8. Qd2 Nc6 9. O-O-O a6 10. Kb1 Qd7 11. Be2 O-O-O 12. c4 Bf6 13. Nd4 Bxd4 14.
Bxd4 f6 15. Bc3 Rhe8 16. Qf4 Qf7 17. b3 Ne5 18. Qd4 Nc6 19. Qf4 Ne5 20. Qd4 Nc6
1/2-1/2

[Event "DLM 2013"]
[Site "?"]
[Date "2013.10.03"]
[Round "2.4"]
[White "Rockmann, Jan-Okke"]
[Black "Urban, Konstantin"]
[Result "0-1"]
[WhiteElo "1843"]
[BlackElo "1986"]
[PlyCount "68"]
[EventDate "2013.??.??"]
[WhiteTeam "Bremen"]
[BlackTeam "Sachsen"]

1. d4 Nf6 2. c4 g6 3. Nc3 Bg7 4. e4 d6 5. f3 O-O 6. Be3 c5 7. dxc5 dxc5 8. Qxd8
Rxd8 9. Bxc5 Nc6 10. Rd1 Rxd1+ 11. Nxd1 Be6 12. b3 Rd8 13. Ne2 Bh6 14. Be3
Rxd1+ 15. Kxd1 Bxe3 16. Nc3 Nd4 17. e5 Nd7 18. Bd3 Nxe5 19. Be4 Nec6 20. Re1
Bf2 21. Rf1 Bh4 22. Kd2 Bf6 23. f4 Bf5 24. h3 Nxb3+ 25. axb3 Bxc3+ 26. Kxc3
Bxe4 27. Rf2 a5 28. Rd2 Kf8 29. g3 Ke8 30. c5 e6 31. Kc4 Bd5+ 32. Kb5 Bxb3 33.
Kb6 Bd5 34. Kxb7 a4 0-1

[Event "DLM 2013"]
[Site "?"]
[Date "2013.10.03"]
[Round "2.5"]
[White "Gungl, Theo"]
[Black "Wachinger, David"]
[Result "1-0"]
[WhiteElo "1975"]
[BlackElo "1845"]
[PlyCount "53"]
[EventDate "2013.??.??"]
[WhiteTeam "Sachsen"]
[BlackTeam "Bremen"]

1. e4 e5 2. Nf3 d6 3. d4 exd4 4. Nxd4 Nf6 5. Nc3 Be7 6. Be2 O-O 7. Be3 Re8 8.
f3 Bf8 9. Qd2 Nc6 10. O-O-O Nxd4 11. Bxd4 Be6 12. Kb1 a6 13. g4 b5 14. g5 Nd7
15. h4 c5 16. Bf2 Nb6 17. h5 d5 18. exd5 Nxd5 19. Bd3 Nxc3+ 20. Qxc3 b4 21. Qd2
Qa5 22. b3 Rad8 23. Qf4 Bd6 24. Qe4 g6 25. hxg6 fxg6 26. Rxh7 Bf5 27. Bc4+ 1-0

[Event "DLM 2013"]
[Site "?"]
[Date "2013.10.03"]
[Round "2.6"]
[White "Erofeev, Anastasia"]
[Black "Kempe, Anne"]
[Result "1/2-1/2"]
[WhiteElo "1736"]
[BlackElo "1770"]
[PlyCount "95"]
[EventDate "2013.??.??"]
[WhiteTeam "Bremen"]
[BlackTeam "Sachsen"]

1. e4 c5 2. Nf3 Nc6 3. d4 cxd4 4. Nxd4 Nf6 5. Nc3 d6 6. Bg5 e6 7. Qd2 a6 8. f4
Bd7 9. O-O-O h6 10. Bh4 Qc7 11. Be2 Na5 12. Nf3 b5 13. e5 b4 14. exd6 bxc3 15.
dxc7 cxd2+ 16. Rxd2 Bc5 17. Rd3 Nd5 18. Rhd1 O-O 19. Rxd5 exd5 20. Rxd5 Be3+
21. Kb1 Bb5 22. Bxb5 axb5 23. Be7 Rfe8 24. Rd8 Nc6 25. Rxe8+ Rxe8 26. Bd8 Na7
27. c3 Bxf4 28. Nd4 b4 29. g3 Bg5 30. Nc6 Bxd8 31. cxd8=Q Rxd8 32. Nxd8 bxc3
33. bxc3 Kf8 34. Nb7 Ke7 35. Kc2 Nc6 36. a4 Kd7 37. Nc5+ Kd6 38. Nb3 Kd5 39. a5
Kc4 40. a6 Kb5 41. Nd4+ Nxd4+ 42. cxd4 Kxa6 43. Kd3 Kb5 44. Ke4 Kc6 45. Ke5 Kc7
46. g4 Kc6 47. h4 Kc7 48. g5 1/2-1/2

[Event "DLM 2013"]
[Site "?"]
[Date "2013.10.03"]
[Round "2.7"]
[White "Moses, Selina"]
[Black "Silber, Stefanie"]
[Result "1/2-1/2"]
[WhiteElo "1688"]
[BlackElo "1412"]
[PlyCount "67"]
[EventDate "2013.??.??"]
[WhiteTeam "Sachsen"]
[BlackTeam "Bremen"]

1. e4 c6 2. d4 d5 3. Nc3 dxe4 4. Nxe4 Bf5 5. Ng3 Bg6 6. h4 h6 7. Nf3 e6 8. h5
Bh7 9. Bd3 Bxd3 10. Qxd3 Bd6 11. Ne4 Bc7 12. Bd2 Nf6 13. Nxf6+ Qxf6 14. Bc3 Qe7
15. g3 Nd7 16. O-O-O O-O-O 17. Qe2 Nf6 18. Ne5 Nd5 19. Qf3 Bxe5 20. dxe5 Nxc3
21. Qxc3 Rxd1+ 22. Rxd1 Qg5+ 23. Qd2 Qxh5 24. Qd7+ Kb8 25. Qe7 Qg5+ 26. Qxg5
hxg5 27. Rd7 Rf8 28. Kd2 Kc8 29. Re7 Rd8+ 30. Ke3 Rd7 31. Re8+ Rd8 32. Re7 Rd7
33. Re8+ Rd8 34. Re7 1/2-1/2

[Event "DLM 2013"]
[Site "?"]
[Date "2013.10.03"]
[Round "2.8"]
[White "Sinnhöfer, Lilian"]
[Black "Bui, Ngoc Han Julia"]
[Result "0-1"]
[WhiteElo "972"]
[BlackElo "1386"]
[PlyCount "152"]
[EventDate "2013.??.??"]
[WhiteTeam "Bremen"]
[BlackTeam "Sachsen"]

1. e4 c5 2. Nf3 d6 3. Nc3 Nf6 4. Bb5+ Bd7 5. Bxd7+ Nbxd7 6. d4 cxd4 7. Nxd4 a6
8. Bg5 e6 9. Nf3 Be7 10. O-O O-O 11. Qd2 Qc7 12. Rad1 Rfd8 13. Qe2 Rac8 14. Rc1
h6 15. Bxf6 Bxf6 16. Qd3 Bxc3 17. Qxc3 Qxc3 18. bxc3 Rxc3 19. Rfd1 Rc6 20. Nd4
Rc4 21. f3 Ra4 22. Ra1 Rc8 23. Rd2 Rcc4 24. Ne2 Rc6 25. c3 Nf6 26. Rd4 Rxd4 27.
cxd4 Kf8 28. e5 dxe5 29. dxe5 Nd5 30. Rb1 b5 31. Nd4 Rc4 32. Rd1 Ke7 33. Kf2
Nb4 34. a3 Nc2 35. Nxc2 Rxc2+ 36. Ke1 Rc6 37. Ke2 f6 38. f4 fxe5 39. fxe5 a5
40. Rb1 Rc5 41. Kd3 Rxe5 42. Kd4 Rd5+ 43. Kc3 Kd6 44. h3 e5 45. Re1 Rc5+ 46.
Kb3 Rc4 47. Rd1+ Rd4 48. Rc1 e4 49. Re1 Kd5 50. g4 Rd3+ 51. Kb2 b4 52. axb4
axb4 53. Kc2 b3+ 54. Kb2 Kd4 55. h4 e3 56. Kb1 Rd2 57. g5 hxg5 58. hxg5 Kd3 59.
Kc1 Rc2+ 60. Kb1 Kd2 61. Rg1 e2 62. Rg2 Kd1 63. Rg1+ e1=Q 64. Rxe1+ Kxe1 65.
Ka1 b2+ 66. Kb1 Rd2 67. Ka2 Kd1 68. Kb1 Re2 69. Ka2 Kc1 70. Kb3 b1=Q+ 71. Kc3
Qc2+ 72. Kd4 Re4+ 73. Kd5 Qd3+ 74. Kc5 Rc4+ 75. Kb5 Qb3+ 76. Ka5 Ra4# 0-1

[Event "DLM 2013"]
[Site "?"]
[Date "2013.10.03"]
[Round "2.1"]
[White "Powierski, Emil"]
[Black "Koop, Thorben"]
[Result "0-1"]
[WhiteElo "2244"]
[BlackElo "2245"]
[PlyCount "150"]
[EventDate "2013.??.??"]
[WhiteTeam "Schleswig-Holstein"]
[BlackTeam "Niedersachsen 1"]

1. e4 d6 2. d4 Nf6 3. Nc3 e5 4. Nf3 exd4 5. Nxd4 Be7 6. Bf4 O-O 7. Qd2 d5 8.
exd5 Nxd5 9. Nxd5 Qxd5 10. Nb5 Re8 11. Be2 Bb4 12. Qxb4 Nc6 13. Qb3 Qxg2 14.
O-O-O Rxe2 15. Nxc7 Qe4 16. Bd2 Rb8 17. f3 Qe5 18. Rhe1 Nd4 19. Qc4 b5 20. Nxb5
Qxb5 21. Qxd4 Bf5 22. Rxe2 Qxe2 23. Qf4 Qb5 24. Bc3 Bg6 25. Qe5 Qxe5 26. Bxe5
Re8 27. Bc7 Bh5 28. Rd3 f6 29. Kd2 g5 30. Rd8 Kf7 31. Rxe8 Kxe8 32. Ke3 Kd7 33.
Bb8 a6 34. f4 Bg6 35. c4 Kc6 36. Kd4 g4 37. Kc3 Bb1 38. a3 h5 39. Ba7 h4 40.
Bf2 h3 41. b4 Be4 42. a4 Bf3 43. b5+ axb5 44. axb5+ Kd6 45. Kb4 Kc7 46. c5 f5
47. Ka5 Be2 48. Ka6 Bd3 49. Ka5 Be2 50. Bh4 Bd3 51. Kb4 Be2 52. Bf2 Bd3 53. c6
Kd6 54. Ka5 Kc7 55. Bb6+ Kd6 56. Bc5+ Kc7 57. Bd4 Be4 58. Ka6 g3 59. b6+ Kxc6
60. b7 gxh2 61. b8=Q h1=Q 62. Qb5+ Kd6 63. Be5+ Ke7 64. Qc5+ Ke8 65. Qc8+ Ke7
66. Qc7+ Ke8 67. Qc8+ Ke7 68. Qc5+ Ke8 69. Bf6 Bb7+ 70. Ka7 Qe4 71. Bg7 Qe7 72.
Qd4 Bd5+ 73. Ka6 Qb7+ 74. Ka5 Qc7+ 75. Kb4 Qc4+ 0-1

[Event "DLM 2013"]
[Site "?"]
[Date "2013.10.03"]
[Round "2.2"]
[White "Tennert, Simon"]
[Black "Krause, Benedict"]
[Result "1-0"]
[WhiteElo "2192"]
[BlackElo "2169"]
[PlyCount "75"]
[EventDate "2013.??.??"]
[WhiteTeam "Niedersachsen 1"]
[BlackTeam "Schleswig-Holstein"]

1. e4 c5 2. Nf3 e6 3. d4 cxd4 4. Nxd4 Nc6 5. Nc3 Qc7 6. g3 a6 7. Bg2 d6 8. O-O
Bd7 9. Re1 Be7 10. Nxc6 Bxc6 11. a4 Nf6 12. a5 O-O 13. Be3 Nd7 14. Na4 Rad8 15.
Nb6 Bf6 16. c3 Nc5 17. Qc2 Qb8 18. Rac1 Nd7 19. c4 Nxb6 20. Bxb6 Rd7 21. b4 Bd8
22. Bd4 b6 23. b5 axb5 24. cxb5 Bxb5 25. Bxg7 Kxg7 26. Qb2+ Bf6 27. Qxb5 Rc7
28. axb6 Rxc1 29. Rxc1 Bd4 30. b7 Qa7 31. Qg5+ Kh8 32. Qe7 Kg7 33. Qxf8+ Kxf8
34. Rc8+ Kg7 35. b8=Q Bxf2+ 36. Kf1 Qa1+ 37. Kxf2 Qd4+ 38. Ke2 1-0